000 00963nam0a22002651 4500
001 rc\3002284
005 20250810055312.0
035 _a(NLR Aleph) 007145342
090 _a7096852
_c7096852
100 _a20110920d1944 u y0rusy50 ca
101 0 _arus
102 _aRU
105 _aa z |||||
200 1 _aАвтоматические регуляторы
_fВ.Л. Лоссиевский, канд. техн. наук
210 _aМосква
_cОборонгиз
_d1944
_g16-я тип. треста "Полиграфкнига"
215 _a391 с.
_cил., черт.
_d26 см
320 _aБиблиогр. в конце глав и частей
700 1 _aЛоссиевский
_bВ.Л.
_gВладимир Леонидович
801 0 _aRU
_bNLR
_gpsbo
801 1 _aRU
_bELAR
_2rusmarc
852 _aNLR
_jТ36 Г-7/47
942 _cBOOK
945 _aРоссийская национальная библиотека
980 _aNB
980 _aBV